000 007370000a22002290004500
003 LK-CoMWRAF
005 20240113135542.0
008 230817t1992 ||||| |||| 00| 0 eng d
020 _a9748209539
040 _aLK-CoMWRAF
_dLK-CoMWRAF
_eLK-CoMWRAF
041 _aeng
082 _a305.42
_bPET
100 _aPettman, Jan Jindy
245 _aWomen, nationalism and the state :
_btowards an international feminist perspective
260 _aBangkok:
_bGender and Development Studies Unit, Asian Institute of Technology
_c1992
300 _a iii, 21 p. ; 24 cm.
490 _aGender studies occasional paper
_v4
650 _aFEMINISM
650 _aWomen- Effect of nationalism on
650 _aWomen political activists
942 _cBK
999 _c404
_d404